Imagen 1 Imagen 2 Imagen 3 Imagen 4 Imagen 5 Imagen 6

Las técnicas argumentativas y la utopía dialógica en la poesía de César Vallejo / (Registro nro. 53564)

Detalles MARC
000 -LEADER
campo de control de longitud fija 01509nam a2200337 i 4500
003 - IDENTIFICADOR DE NÚMERO DE CONTROL
campo de control peliumch
005 - FECHA Y HORA DE LA ÚLTIMA TRANSACCIÓN
campo de control 20260109143546.0
007 - CAMPO FIJO DE DESCRIPCIÓN FÍSICA--INFORMACIÓN GENERAL
campo de control de longitud fija ta
008 - DATOS DE LONGITUD FIJA--INFORMACIÓN GENERAL
campo de control de longitud fija 251222t2014 pe ||||gr|||| 00| 0 spa d
020 ## - NÚMERO INTERNACIONAL ESTÁNDAR DEL LIBRO
Número Internacional Estándar del Libro 9786124668951
040 ## - FUENTE DE CATALOGACIÓN
Centro catalogador/agencia de origen UMCH
Lengua de catalogación spa
Centro/agencia transcriptor UMCH
Centro/agencia modificador jmr
Normas de descripción rda
041 0# - CÓDIGO DE IDIOMA
Código de lengua del texto/banda sonora o título independiente spa
043 ## - CÓDIGO DE ÁREA GEOGRÁFICA
Código de área geográfica s-pe---
082 ## - NÚMERO DE LA CLASIFICACIÓN DECIMAL DEWEY
Número de clasificación 861.62091/F39
100 1# - ENTRADA PRINCIPAL--NOMBRE DE PERSONA
Nombre de persona Fernández Cozman, Camilo
Fechas asociadas al nombre 1965-
Término indicativo de función/relación autor.
245 ## - MENCIÓN DEL TÍTULO
Título Las técnicas argumentativas y la utopía dialógica en la poesía de César Vallejo /
Mención de responsabilidad, etc. Camilo Fernández Cozman.
250 ## - MENCION DE EDICION
Mención de edición Primera edición.
264 #1 - PRODUCCIÓN, PUBLICACIÓN, DISTRIBUCIÓN, FABRICACIÓN Y COPYRIGHT
Producción, publicación, distribución, fabricación y copyright Lima, Perú ;
Nombre del de productor, editor, distribuidor, fabricante Universidad Ricardo Palma.
Fecha de producción, publicación, distribución, fabricación o copyright 2014
264 #4 - PRODUCCIÓN, PUBLICACIÓN, DISTRIBUCIÓN, FABRICACIÓN Y COPYRIGHT
Fecha de producción, publicación, distribución, fabricación o copyright ©2014
300 ## - DESCRIPCIÓN FÍSICA
Extensión 144 páginas ;
Dimensiones 21 cm.
504 ## - NOTA DE BIBLIOGRAFÍA, ETC.
Nota de bibliografía, etc. Bibliografía : páginas 137-144
505 ## - NOTA DE CONTENIDO CON FORMATO
Información miscelánea I :
Título César Vallejo en el contexto de la poesía peruana--
Información miscelánea II :
Título César Vallejo y la poesía argumentativa--
Información miscelánea III :
Título Las técnicas argumentativas y el modernismo en los Heraldos Negros--
Información miscelánea IV :
Título Las técnicas argumentativas y la superación del modernismo en trilce--
Información miscelánea V :
Título La dimensión argumentativa y el dialogismo de poemas humanos--
Información miscelánea VI :
Título La argumentación en masa y la audición múltiple en poemas humanos y España, aparta de mí este cáliz.
521 ## - NOTA DE PÚBLICO DESTINATARIO
Nota de público destinatario Recomendado para un público general.
650 14 - PUNTO DE ACCESO ADICIONAL DE MATERIA--TÉRMINO DE MATERIA
Término de materia o nombre geográfico como elemento de entrada Materia Vallejo, César, 1892-1938
650 24 - PUNTO DE ACCESO ADICIONAL DE MATERIA--TÉRMINO DE MATERIA
Término de materia o nombre geográfico como elemento de entrada Crítica e interpretación
942 ## - ELEMENTOS DE ENTRADA SECUNDARIOS (KOHA)
Fuente del sistema de clasificación o colocación Clasificación Decimal Dewey
Tipo de ítem Koha Libros
Suprimir en OPAC No
Existencias
Estatus retirado Estado de pérdida Fuente del sistema de clasificación o colocación Estado de daño No para préstamo Biblioteca de origen Biblioteca actual Fecha de adquisición Fuente de adquisición Información codificada de la localización en otra ubicación Total checkouts Signatura topográfica completa Código de barras Visto por última vez Precio de reemplazo Tipo de ítem Koha
    Clasificación Decimal Dewey     Biblioteca Central Biblioteca Central 22/12/2025 Donación UMCH   861.62091/F39 035681 22/12/2025 22/12/2025 Libros

Horarios de atención

De Lunes a Viernes de 8:00 a.m. -7:00 p.m.
Sábados de 8:00 a.m. - 5:00 p.m.



Email:
 biblioteca@umch.edu.pe

Teléfono: (01) 4490449 anexo 400 y 401
WhatsApp: +51 946 208 593